000 00513nam a2200133 a 4500
001 000040185
005 20201002033953.0
008 130814s1974 ve 000 0 spa d
040 _aDO-SdBNP
_bspa
_cBNPHU
100 1 _aPollak-Eltz, Angelina
_933945
245 1 3 _aEl concepto de múltiples almas y algunos ritos fúnebres entre los negros américanos. /
_cAngelina Pollak-Eltz.
260 _aCaracas :
_bUniversidad Catolica Andres Bello
_bInstituto de investigaciones Históricas,
_c1974.
300 _a52 p. ;
_c25 cm.
999 _c39675
_d39675